A design for strife? (Record no. 77213)
[ view plain ]
| 000 -LEADER | |
|---|---|
| fixed length control field | 01062cab a2200193 4500 |
| 001 - CONTROL NUMBER | |
| control field | ##L133797 |
| 008 - FIXED-LENGTH DATA ELEMENTS--GENERAL INFORMATION | |
| fixed length control field | 060612n2006 000 0 eng u |
| 035 ## - SYSTEM CONTROL NUMBER | |
| System control number | (Sirsi) u133797 |
| 041 0# - LANGUAGE CODE | |
| Language code of text/sound track or separate title | eng |
| 100 1# - MAIN ENTRY--PERSONAL NAME | |
| Personal name | Mylius, Andrew |
| 245 02 - TITLE STATEMENT | |
| Title | A design for strife? |
| 260 ## - PUBLICATION, DISTRIBUTION, ETC. | |
| Date of publication, distribution, etc. | 2006 |
| 490 #0 - SERIES STATEMENT | |
| Series statement | New Civil Engineer |
| Volume/sequential designation | (1626) 8 June 2006, 16-17(2) |
| 520 ## - SUMMARY, ETC. | |
| Summary, etc. | Looks at some of the problems with design and build contracts, which have been highlighted by the difficulties over the Wembley Stadium project. Consultants argue that contractors lack the necessary skills to co-ordinate design and construction on complex projects, and are concerned that designers are becoming little more than technicians. Tensions normally occur when contractors engineer projects down, so that designers repeat work for which they are not paid. To minimise risk, contractors also often try to impose onerous contractual terms on consultants. |
| 590 ## - LOCAL NOTE (RLIN) | |
| Local note | IKA200606 |
| 651 #4 - SUBJECT ADDED ENTRY--GEOGRAPHIC NAME | |
| Geographic name | United Kingdom |
| Chronological subdivision | |
| 690 ## - LOCAL SUBJECT ADDED ENTRY--TOPICAL TERM (OCLC, RLIN) | |
| Topical term or geographic name as entry element | MANAGEMENT-PROJECT MANAGEMENT-CONTRACT ADMINISTRATION |
| 942 ## - ADDED ENTRY ELEMENTS (KOHA) | |
| Suppress in OPAC | 0 |
| Withdrawn status | Lost status | Source of classification or shelving scheme | Damaged status | Not for loan | Home library | Current library | Shelving location | Date acquired | Total Checkouts | Full call number | Barcode | Date last seen | Copy number | Price effective from | Koha item type |
|---|---|---|---|---|---|---|---|---|---|---|---|---|---|---|---|
| Dewey Decimal Classification | London | London | Journal article | 12/06/2006 | L133797 | 133797-1001 | 06/08/2019 | 1 | 06/08/2019 | Journal article |